000 00706nam a2200217 a 4500
005 20210223125138.0
008 030930s1996 mx r 000 0 spa d
020 _a8477383367
035 _aUPN01000129353
049 _aCG
050 4 _aBF724.8
_bV4.3
100 1 _aVega Vega, José Luis
245 1 0 _aDesarrollo adulto y envejecimiento /
_cJosé Luis Vega Vega, Belén Bueno Martínez.
260 _aMadrid :
_bSíntesis,
_c1996.
300 _a365 p.
440 0 _aSíntesis psicología.
_pPsicología evolutiva y de la educación ;
_v10
650 4 _aEDAD ADULTA
_96926
650 4 _aENVEJECIMIENTO -
_xASPECTOS PSICOLOGICOS
_921534
700 1 _aBueno Martínez, Belén,
_ecoaut.
905 _aLibro
999 _c101525
_d101525